| Поле | Название | Значение |
| |
Тип записи |
a |
| |
Библиографический уровень |
m |
| 001 |
Контрольный номер |
admiBOOK00020394 |
| 005 |
Дата корректировки |
20150217082406.3 |
| 010 |
Индекс ISBN |
__ |
| a |
ISBN |
978-5-4383-0049-6 |
| d |
Цена |
450,00 |
| d |
Цена |
480,00 |
| 100 |
Данные общей обработки |
__ |
| a |
Данные общей обработки |
19020213 |||y0 y0189 ca |
| 101 |
Язык документа |
0_ |
| a |
Язык текста |
rus |
| 105 |
Кодированные данные (монография) |
__ |
| a |
Кодированные данные (монография) |
zy |
| 200 |
Заглавие и сведения об ответственности |
0_ |
| a |
Заглавие |
Международное таможенное сотрудничество |
| e |
Сведения, относящиеся к заглавию |
учебное пособие |
| f |
Первые сведения об ответственности |
П.Н.Афонин, С.В. Филиппенко, Н.Ю. Яргина |
| 210 |
Выходные данные |
1_ |
| a |
Место издания |
СПб |
| c |
Издательство |
ИЦ Интермедия |
| d |
Дата издания |
2014 |
| 215 |
Физическое описание |
__ |
| a |
Объем |
172с. |
| c |
Иллюстрации/тип воспроизводства |
илл. |
| 606 |
Тематические рубрики |
__ |
| a |
Основная рубрика |
Мировая экономика |
| x |
Основная подрубрика |
Таможенное дело |
| 610 |
Ключевые слова |
0_ |
| a |
Ключевые слова |
Всемирная таможенная организация |
| a |
Ключевые слова |
Конвенции всемирной таможенной организации |
| a |
Ключевые слова |
Мировая торговля |
| a |
Ключевые слова |
Таможенные союзы |
| 686 |
Индексы других классификаций |
__ |
| a |
Классификационный индекс |
65.5 |
| a |
Классификационный индекс |
67.401.21 |
| 700 |
Автор |
_1 |
| a |
Фамилия |
Афонин |
| b |
Имя |
П.Н. |
| 701 |
Альтернативная интеллектуальная ответственность |
_1 |
| a |
Фамилия |
Филиппенко С.В. |
| 701 |
Альтернативная интеллектуальная ответственность |
_1 |
| a |
Фамилия |
Яргин Н.Ю. |
| 852 |
Данные о местонахождении |
__ |
| c |
Местонахождение стеллажа |
65.5 |
| c |
Местонахождение стеллажа |
67.401.21 |
| 852 |
Данные о местонахождении |
__ |
| b |
Сигла хранения |
ЧЗ_1 |
| t |
Номер экземпляра |
2 |
| i |
Авторский знак |
А94 |
| p |
Инвентарный номер |
149933 |
| p |
Инвентарный номер |
149934 |
| p |
Инвентарный номер |
150635 |
| j |
Шифр хранения |
65.5 |
| 901 |
Тип документа |
__ |
| t |
Тип документа |
m |
| 911 |
|
__ |
| u |
|
952a=Учебное пособие |
| u |
|
952p=2502 |
| 938 |
Служебная информация |
__ |
| a |
Название организации |
Саранский филиал |
| b |
Имя БД |
OUTPUT.MRC_доп |
| c |
Название АИБС |
АИБС Библиотека |